[Event "18th Reykjavik op"]
[Site "Reykjavik ISL"]
[Date "1998.03.15"]
[Round "6.11"]
[White "Gunnarsson, Jon Viktor"]
[Black "Djurhuus, Rune"]
[Result "1-0"]
[WhiteElo "2390"]
[BlackElo "2510"]
[EventDate "1998.03.10"]
[PlyCount "59"]

1.e4 e6 2.d4 d5 3.Nc3 Bb4 4.e5 c5 5.a3 Bxc3+ 6.bxc3 Qc7 7.Nf3 b6 8.Bb5+ 
Bd7 9.Bd3 Ba4 10.O-O Ne7 11.Ne1 ( 11.h4 h6 12.h5 Nd7 13.Re1 a6 14.Rb1 Bb5 
15.Bxb5 axb5 16.dxc5 bxc5 17.Rxb5 Ra4 18.c4 {E-E 
Hnydiuk,A-Matlak,M/Polanica Zdroj op 1995 (36)} ) ( 11.Nh4 Nbc6 12.Be3 Na5
13.f4 g6 14.Bf2 cxd4 15.cxd4 h5 16.h3 Nc4 17.Ra2 O-O-O 18.Qe2 b5 {
Logie,M-Monakhov,Y/Cappelle op 1995/0-1 (45)} ) ( 11.Re1 Nd7 12.Bf4 a6 13.
Bg5 Nc6 14.h4 Na5 15.h5 h6 16.Bh4 Bb5 17.Nh2 Bxd3 18.cxd3 cxd4 19.cxd4 Qc3
20.Rc1 Qxd4 21.Nf3 Qb2 22.Qa4 {1-0 Klovans,J-Shaked,T/Koop Tjuchem op 1996
(31)} ) 11...Nd7 12.f4 cxd4 13.cxd4 Qc3 14.Rb1 Qxd4+ 15.Kh1 b5 16.Qe2 a6 
17.Nf3 Qa7 18.Be3 Qc7 19.f5 $1 ( {A principal move. After} 19.Bd4 {, but} 
19...g6 {or 19...0-0-0 yield Black a clearly superior position.} ( 19...
O-O $2 {is refuted by} 20.Bxh7+ Kxh7 21.Ng5+ Kg8 22.Qh5 Bxc2 ( 22...Qxc2 
23.f5 $18 ) 23.f5 $1 Bxf5 24.Rxf5 ) ) 19...Nxf5 ( 19...O-O-O {fails to} 
20.fxe6 fxe6 21.Ng5 ) ( 19...exf5 {was more prudent:, e.g.} 20.Bg5 Nc5 ) 
20.Bxf5 exf5 21.e6 $1 {Otherwise after 21...0-0 White's position is lost.}
21...fxe6 22.Bf4 {[%csl Rd5,Re6,Re8][%cal 
Ge2e6,Gb1d1,Gd1d5,Gf1e1,Ge1e6,Gf3d4,Gf3g5,Gg5f7,Gd4c6]} 22...Qxf4 $2 ( {A 
mistake, after which White's attack becomes irresistible. Correct was} 
22...Qb6 $1 23.Bc7 Qxc7 24.Qxe6+ Kd8 {, and although White has a durable 
initiative, Black has good chances to consolidate his position and convert
his big material advantage.} ) 23.Qxe6+ Kd8 24.Rbd1 b4 ( {If} 24...Qe4 {, 
then} 25.Qd6 Qe7 26.Qxd5 Kc7 ( 26...Ra7 27.Rfe1 {followed by 28.i e5} ) 
27.Rfe1 $18 ) 25.Qxd5 Kc7 26.Rd4 Qh6 27.Rc4+ Bc6 28.Nd4 Nb8 29.Qa5+ Kb7 ( 
29...Kd7 30.Qxf5+ {winning} ) 30.Qxb4+ ( 30.Qxb4+ Kc7 ( 30...Kc8 31.Nxc6 
Nxc6 32.Qb6 ) 31.Qe7+ Kc8 32.Rb1 {followed by 33.i c6+(33.i c6) and 34.i 
b7+.} ) 1-0

[Event "18th Reykjavik op"]
[Site "Reykjavik ISL"]
[Date "1998.03.15"]
[Round "6.12"]
[White "Mortensen, Erling"]
[Black "Jonsson, Bjorgvin"]
[Result "0-1"]
[WhiteElo "2510"]
[BlackElo "2380"]
[EventDate "1998.03.10"]
[PlyCount "120"]

1.e4 e5 2.Nf3 Nc6 3.Bb5 a6 4.Ba4 Nf6 5.d3 Bc5 6.c3 b5 7.Bb3 d6 8.a4 Bg4 9.
h3 Bxf3 10.Qxf3 b4 11.a5 O-O 12.Bg5 bxc3 13.bxc3 Rb8 14.Nd2 Na7 15.O-O Nb5
16.Rfc1 c6 17.Nf1 h6 18.Be3 Bxe3 19.Nxe3 g6 20.Qg3 Kh7 21.Bd1 Nd7 22.h4 
Nc5 23.Nc4 Ne6 24.Ra2 Rb7 25.h5 Qg5 26.Qxg5 hxg5 27.hxg6+ fxg6 28.g3 Kg7 
29.Kf1 Rh8 30.Kg2 Kf6 31.Ne3 Ke7 32.Bb3 Rhb8 33.Bc4 Rh8 34.Rb2 Ra7 35.Rbb1
Nc5 36.Ra1 Rb7 37.Kf3 Rbb8 38.Ke2 Rh2 39.Ng4 Rhh8 40.Kd2 Nc7 41.Rcb1 Nb5 
42.Re1 Rbf8 43.Rh1 Rh5 44.Rhc1 Rhh8 45.Ke3 Ne6 46.d4 Nxc3 47.dxe5 d5 48.
exd5 cxd5 49.Bxa6 d4+ 50.Kd2 Nc5 51.Bc4 N3e4+ 52.Ke2 Rh2 53.Kf1 Nxg3+ 54.
Kg1 Rh1+ 55.Kg2 Rxc1 56.Rxc1 Nge4 57.Bd5 Nc3 58.Nf6 Nd3 59.Rh1 Nf4+ 60.Kf3
Nfxd5 0-1

[Event "18th Reykjavik op"]
[Site "Reykjavik ISL"]
[Date "1998.03.15"]
[Round "6.13"]
[White "Vidarsson, Jon"]
[Black "Ward, Christopher"]
[Result "0-1"]
[WhiteElo "2380"]
[BlackElo "2480"]
[EventDate "1998.03.10"]
[PlyCount "60"]

1.e4 e6 2.d4 d5 3.Nc3 Bb4 4.e5 c5 5.a3 Bxc3+ 6.bxc3 Qa5 7.Bd2 Qa4 8.Qg4 g6
9.Ra2 ( 9.Nf3 $5 {is a popular alternative here:} 9...Qxc2 10.dxc5 Bd7 11.
Nd4 Qe4+ 12.Qxe4 dxe4 13.Rb1 Bc6 14.Nb5 Bxb5 15.Rxb5 Nc6 16.Rxb7 Nxe5 17.
Bb5+ Kf8 18.Bf4 {1-0 Renet,O-Eustache,B/Clichy op 1991 (25)} ) 9...c4 ( 
9...Nc6 {leaves White smaller choice, as Black threatens 10...cd4 and 
10...i e5.} 10.Nf3 Nge7 11.Bd3 ( 11.Qf4 cxd4 12.Ng5 Nf5 13.g4 h6 14.Nxf7 
g5 15.Qf3 Rf8 16.gxf5 Rxf7 17.f6 Nxe5 {0-1 Porrasmaa,T-Kekki,J/FIN-chT 
1986 (31)} ) 11...Nf5 12.Qf4 h6 13.h4 Bd7 14.g4 Nfe7 15.dxc5 Qxf4 16.Bxf4 
h5 17.Nh2 hxg4 18.Nxg4 Nf5 19.Nf6+ Kd8 20.Bxf5 gxf5 21.h5 {1-0 
Hazai,L-Kekki,J/Espoo 1987 (24) Now White can choose between retreating 
his queen to d1 and keeping it on the kingside.} ) 10.Qd1 ( 10.h4 $5 {
seems to me more attractive option:} 10...h6 11.h5 g5 12.Qg3 Qb5 13.Ra1 
Qb2 14.Rc1 Ne7 15.f4 Nf5 16.Qf3 g4 17.Qxg4 Nc6 18.Qf3 {1-0 
Grabics,M-Iltchouk,E/EUchJW-U18 1994 (42)} ) 10...Nc6 11.Be2 ( 11.h4 f6 
$140 $6 12.h5 $1 $36 {was a better continuation.} ) 11...Bd7 12.g4 $6 {
Again, 11.h4 ih5 was to be preferred. The text move just weakens the 
kingside and yields Black excellent counterplay.} 12...f6 $1 {A strong 
response. Now Black seizes initiative and start effective actions in the 
center and on the king side.} 13.Nf3 O-O-O 14.h4 $6 {Untimely 
advancenment. Essential was 14.if4 followed by 15.i d2.} 14...h5 $1 {
Having his king at the secure resort on the queenside, Black has all the 
reasons to maximally open the position on the opposite wing. Now White run
into serious troubles.} 15.gxh5 $6 ( 15.g5 {was to be preferred, although 
after} 15...fxe5 {followed by i g8-e7-f5 Black has a superior position.} )
15...Rxh5 16.exf6 Rf5 $1 ( {It is much stronger than} 16...Nxf6 17.Ng5 
Rhh8 $140 $2 18.Nf7 {, although after 17..e5 Black has excellent 
compensation for the exchange.} ) 17.Rg1 Nxf6 {Planning 18...i e4} 18.Ng5 
Rf8 {Planning 18..e5} 19.Be3 $2 {White's position is critical, but after 
this move Black gets decisive advantage. Better was 19.f4i.} 19...Qa5 $1 {
Provoking 20.i d2 and preparing the exchange sacrifice, after which 
Black's attack becomes irresistible.} 20.Qd2 Rxg5 $1 {[%csl 
Rc3,Rd2,Rd4,Rf2][%cal Gf6e4,Ge4d2,Ge4c3,Ge4f2,Gf8f2,Ga5c3,Gc6d4] This move
decides the game.} 21.hxg5 Ne4 22.Qc1 Qxc3+ 23.Bd2 Qxd4 24.Be3 Qc3+ 25.Bd2
Qh3 {Transferring his queen to the kingside, Black initiates the next 
phase of his attack.} 26.c3 Qh2 27.Rf1 Rxf2 28.Rxf2 Qxf2+ 29.Kd1 Na5 {
Opening the e8-a4 diagonal to the bishop and threatening 30...i b3.} 30.
Qc2 Qg1+ ( {White resigned. After} 30...Qg1+ 31.Be1 {Black has a pleasant 
choice between} 31...Nf2+ 32.Kd2 $140 Qxg5# {and 31...ia4 32.i a4 i c3-+.}
) 0-1

[Event "18th Reykjavik op"]
[Site "Reykjavik ISL"]
[Date "1998.03.15"]
[Round "6.14"]
[White "Cicak, Slavko"]
[Black "Palsson, Halldor"]
[Result "1-0"]
[WhiteElo "2480"]
[BlackElo "2145"]
[EventDate "1998.03.10"]
[PlyCount "59"]

{When Black fails to exchange his blacksquared i White gets the play he 
wants with a nice bind on the i -side.} 
1.e4 e5 2.Nf3 Nc6 3.Bb5 a6 4.Ba4 d6 5.c4 Bg4 {With this move Black wants 
to take advantage of the weakened d4.} ( 5...Bd7 {is main line.} ) 6.h3 
Bxf3 7.Qxf3 Nf6 8.Na3 {A funny looking move, but with some points to it. 
Whites main problem in the Duras variation (5.c4) is to control d4. The 
normal way to do it is to play i c3-e2. Here White goes around it another 
way. With the text White aims for i c2, protecting d4 and also preparing 
b4 or some activity like i e3-f5.} ( 8.Nc3 Nd7 9.Bxc6 ( 9.Ne2 Be7 10.O-O 
O-O 11.Bxc6 ( 11.d3 Bf6 $6 ( 11...Nc5 $142 ) 12.Be3 Nd4 13.Bxd4 exd4 14.
Bxd7 Qxd7 15.Qg4 Qe8 16.f4 $16 {1-0 Wedberg,T-Goh Yoon Wah/Luzern olm 
1982/BIG 80 (44)} ) 11...bxc6 12.d4 Bg5 13.Qc3 Bxc1 14.Raxc1 c5 15.dxe5 
Nxe5 16.Rcd1 Nc6 17.Rd3 Qe7 $11 {E-E Prelovszky,L-Barcza,G/HUN-ch 
1966/MCD-ch (36)} ) ( 9.O-O Be7 10.d3 Nc5 11.Qd1 O-O 12.Be3 Ne6 13.Bxc6 
bxc6 14.Qa4 c5 15.a3 a5 16.Nd5 Bg5 17.Qc6 Bxe3 18.fxe3 Qe8 $11 {
Sznapik,A-Juroszek,T/POL-ch 1987/EXT 87ch/1-0 (50)} ) 9...bxc6 10.d3 Nc5 
11.Ne2 Ne6 12.g3 Be7 13.h4 Qb8 14.O-O O-O 15.Qg4 Qc8 16.Kh2 Nc5 17.Qxc8 
Raxc8 $11 {E-E Varavin,V-Yandemirov,V/RUS-Cup3 1996/CBM 57 (57)} ) 8...Be7
9.Nc2 Nd7 ( 9...O-O 10.O-O Nd7 11.Bxc6 bxc6 12.d4 Bg5 13.Nb4 ( 13.Be3 {
would give us Cicak-Palsson.} ) 13...c5 14.Nc6 Qf6 $11 {
Janosevic-Ciocaltea/Beograd/1977} ) 10.Bxc6 bxc6 11.d4 O-O 12.Be3 Bg5 13.
O-O Qf6 $6 ( 13...Bxe3 $142 ) 14.Qxf6 Bxf6 15.d5 c5 16.b4 $36 {White has a
clear initiative here. The i on f6 is passive.} 16...Rfb8 ( 16...cxb4 17.
Nxb4 $14 {ii c6} ) 17.Rab1 Rb6 18.Rb3 a5 19.bxc5 dxc5 20.Rfb1 Kf8 21.Na3 
a4 22.R3b2 Be7 23.Nb5 Rab8 24.Rd1 Bd6 25.Kf1 R6b7 26.Ke2 Ke7 27.Kd3 g6 28.
Rdb1 f5 29.Bg5+ Kf7 $4 ( 29...Kf8 $16 ) 30.Nxd6+ 1-0

[Event "18th Reykjavik op"]
[Site "Reykjavik ISL"]
[Date "1998.03.15"]
[Round "6.15"]
[White "Schmied, Andreas"]
[Black "Nijboer, Friso"]
[Result "0-1"]
[WhiteElo "2155"]
[BlackElo "2580"]
[EventDate "1998.03.10"]
[PlyCount "77"]

1.e4 c5 2.f4 e6 3.Nf3 Nc6 4.Bb5 Nge7 5.O-O a6 6.Be2 g6 7.d3 Bg7 8.Nc3 d6 
9.Qe1 b5 10.Be3 O-O 11.Rb1 f5 12.Bd1 b4 13.Ne2 Qa5 14.a3 bxa3 15.Qxa5 Nxa5
16.bxa3 fxe4 17.dxe4 Nc4 18.Bc1 Nc6 19.Ng3 Nd4 20.Nxd4 Bxd4+ 21.Kh1 Ne3 
22.Bxe3 Bxe3 23.f5 exf5 24.exf5 gxf5 25.Rb6 f4 26.Ne4 Bf5 27.Nxd6 Rf6 28.
Nc4 Rxb6 29.Nxb6 Rd8 30.Nc4 Kg7 31.h3 Kg6 32.Kh2 Be4 33.g3 Rd4 34.Ne5+ Kf5
35.Nd3 c4 36.Bg4+ Kg5 37.gxf4+ Kh4 38.Nf2 Rd2 39.Kg1 0-1

[Event "18th Reykjavik op"]
[Site "Reykjavik ISL"]
[Date "1998.03.15"]
[Round "6.16"]
[White "Conquest, Stuart"]
[Black "Halldorsson, Bragi"]
[Result "0-1"]
[WhiteElo "2480"]
[BlackElo "2285"]
[EventDate "1998.03.10"]
[PlyCount "68"]

1.d4 d5 2.c4 c6 3.Nc3 Nf6 4.e3 e6 5.Qc2 Nbd7 6.Nf3 Be7 7.b3 O-O 8.Bd3 ( 8.
Be2 Re8 9.O-O a6 10.c5 Bf8 11.Bb2 b6 12.cxb6 Nxb6 13.e4 dxe4 14.Nxe4 Nxe4 
15.Qxe4 Nd5 16.Ne5 Bb7 17.Rac1 Rc8 18.Nd3 Qd7 19.Nc5 $16 {
Skembris-Kalogerakos, Katerini 1992} ) ( 8.Bb2 b6 9.Be2 Bb7 10.O-O Rc8 11.
Rfd1 Bd6 $6 12.e4 dxe4 13.Nxe4 Nxe4 14.Qxe4 Qe7 15.c5 $1 $16 {
Adorjan-Nadera, Manila 1991} ) 8...b6 ( 8...dxc4 9.bxc4 c5 10.O-O cxd4 11.
exd4 b6 12.Ne5 Bb7 13.Re1 Re8 14.Re3 Nf8 15.Ne2 $14 {Ward-Summerscale, GB 
ch 1992} ) 9.g4 ( 9.O-O c5 ( 9...Bb7 10.Rd1 Qc7 11.Bb2 Rac8 12.Rac1 Rfd8 
13.Qe2 Qb8 14.e4 ( 14.cxd5 cxd5 15.Rc2 $11 {E-E Pavey,M-Rossolimo,N/New 
York USA ch 1954 (18)} ) 14...dxe4 15.Nxe4 c5 16.dxc5 Bxe4 17.Bxe4 Nxe4 
18.Qxe4 Nxc5 19.Qg4 Bf8 20.Ne5 $14 {1-0 Solozhenkin,E-Ballon,G/Sitges op 
1993 (40)} ) 10.Bb2 Bb7 11.cxd5 ( 11.Ne5 cxd4 ( 11...g6 12.Rad1 a6 13.Nxd7
Nxd7 14.dxc5 Nxc5 15.cxd5 exd5 16.Bc4 $16 {1-0 Pachman,L-Reilly,B/Madrid 
zt 1960 (28)} ) 12.exd4 Rc8 13.Rad1 $14 ) 11...exd5 12.Rad1 $14 ) 9...Nxg4
10.Bxh7+ Kh8 11.h3 ( 11.Rg1 f5 12.Bg6 Bh4 13.Nd1 ( 13.Nxh4 Qxh4 14.h3 Qxh3
15.Ba3 Rf6 $17 {0-1 Stangl,M-Thesing,M/BL 1994 (46)} ) 13...Bb7 14.h3 Nh6 
$14 ) 11...Ngf6 12.Bd3 Bb4 ( 12...c5 $1 $132 ) 13.Bb2 Qe7 ( 13...Bb7 14.
O-O-O c5 $132 ) 14.Rg1 Bb7 15.Kf1 $6 ( 15.O-O-O c5 $132 ) 15...Bd6 16.Re1 
c5 17.e4 $2 $17 ( 17.cxd5 exd5 ( 17...Bxd5 18.Nxd5 $14 ) ( 17...Nxd5 $2 
18.dxc5 $18 {[%csl Rg7]} ) 18.Nh4 Rg8 19.Nf5 Qe6 20.Nxd6 Qxd6 21.Bf5 ( 21.
dxc5 bxc5 ( 21...Nxc5 22.Bf5 $14 ) 22.Ne2 Rae8 23.Nf4 Ne5 24.Be2 Ba6 25.
Rg5 $1 $36 ) 21...cxd4 22.exd4 Rge8 $11 ) 17...cxd4 18.Nxd4 dxc4 19.Bxc4 (
19.bxc4 Rfd8 $17 ) 19...Ne5 20.Bb5 ( 20.Qd2 $1 Nxc4 21.bxc4 Ne8 $17 ( 
21...Nd7 $2 22.Rxg7 $3 Qh4 ( 22...Kxg7 23.Nd5 exd5 24.Nf5+ $18 ) 23.Nf3 
Qxh3+ 24.Rg2 Ne5 25.Ne2 f6 26.Ng5 $1 ( 26.Qxd6 Nxf3 27.Ng1 $18 ) 26...fxg5
( 26...Qh1+ 27.Rg1 Qh4 28.Qxd6 Nxc4 29.Qf4 Qxf4 30.Nxf4 Nxb2 31.Ng6+ Kg8 
32.Ne7+ Kg7 33.Nxe6+ Kf7 34.Nxf8 $16 ) 27.Qxd6 $18 ) ) 20...a6 21.Be2 Rac8
22.Qd2 Ng6 ( 22...Bb4 23.f3 Rfd8 24.Rd1 Ng6 $17 ) 23.Bd3 $6 ( 23.Rd1 Rfd8 
24.Qe3 Bf4 25.Qf3 Be5 26.Qe3 Nf4 $17 ) 23...Bf4 $19 ( 23...Rfd8 $19 ) 24.
Qd1 ( 24.Qe2 Rfd8 25.Na4 b5 26.Nb6 Rc7 $19 ) 24...Rfd8 25.Nce2 $8 Be5 26.
Qb1 ( 26.f3 Nh5 27.Rg4 Qf6 $19 ) 26...Nh5 27.Rg4 ( 27.Rd1 Qf6 28.Bc2 Nhf4 
$19 ) 27...Qf6 28.Bc2 Rxd4 ( 28...Ngf4 $19 ) 29.Bxd4 Bxd4 30.Nxd4 Qxd4 31.
e5 Ngf4 32.Be4 Qd2 33.Rh4 Bxe4 34.Qxe4 Rc1 0-1

[Event "18th Reykjavik op"]
[Site "Reykjavik ISL"]
[Date "1998.03.15"]
[Round "6.17"]
[White "Ivanov, Mikhail M."]
[Black "Dewenter, Ulf"]
[Result "1-0"]
[WhiteElo "2440"]
[BlackElo "2245"]
[EventDate "1998.03.10"]
[PlyCount "55"]

1.d4 Nf6 2.Nf3 g6 3.c4 Bg7 4.Nc3 d5 5.e3 O-O 6.Bd3 c5 7.h3 cxd4 8.exd4 Nc6
9.O-O dxc4 10.Bxc4 Bf5 11.Re1 Rc8 12.a3 Nxd4 13.Bxf7+ Rxf7 14.Nxd4 Ne4 15.
Nxf5 gxf5 16.Nxe4 fxe4 17.Qb3 Qd3 18.Qxb7 Rc2 19.Be3 Bd4 20.Rad1 Bxe3 21.
Rxd3 Bxf2+ 22.Kh2 exd3 23.Re4 h5 24.Qb8+ Kh7 25.Qb3 Rg7 26.Qxd3 Bg1+ 27.
Kh1 Rcxg2 28.Rg4+ 1-0

[Event "18th Reykjavik op"]
[Site "Reykjavik ISL"]
[Date "1998.03.15"]
[Round "6.18"]
[White "Einarsson, Einar Kristinn"]
[Black "Bradbury, Neil"]
[Result "1/2-1/2"]
[WhiteElo "2085"]
[BlackElo "2360"]
[EventDate "1998.03.10"]
[PlyCount "154"]

1.d4 Nf6 2.Bg5 b6 3.Nf3 Bb7 4.Bxf6 exf6 5.c4 g6 6.Nc3 Bg7 7.e3 O-O 8.Be2 
f5 9.O-O d6 10.Rc1 Nd7 11.Nd2 f4 12.Bf3 Bxf3 13.Qxf3 fxe3 14.Qxe3 c5 15.
dxc5 dxc5 16.Nf3 Re8 17.Qf4 Ne5 18.Rcd1 Qf6 19.Qxf6 Bxf6 20.Nd5 Nxf3+ 21.
gxf3 Bd8 22.Rfe1 Rxe1+ 23.Rxe1 Kf8 24.f4 Rc8 25.f5 Rc6 26.fxg6 Rxg6+ 27.
Kf1 Rh6 28.Kg2 Rh4 29.b3 Rd4 30.Re2 Bg5 31.h3 Rd3 32.Nc7 Bf6 33.Re8+ Kg7 
34.Ra8 a5 35.Nd5 Bd4 36.Nxb6 Rd2 37.Rxa5 Rxf2+ 38.Kg3 h5 39.Nd7 Kg6 40.
Ne5+ Kf5 41.Nf3 Be3 42.Ra7 Ke4 43.Re7+ Kd3 44.Ne5+ Kd4 45.Nc6+ Kd3 46.a4 
f5 47.a5 f4+ 48.Kh4 Ra2 49.b4 Kxc4 50.bxc5 Kxc5 51.Nd8 Ra3 52.Kxh5 Kd6 53.
Rf7 Rxa5+ 54.Kg6 Ra1 55.Rf6+ Ke5 56.Nc6+ Ke4 57.Re6+ Kd5 58.Rf6 Rg1+ 59.
Kf7 Rc1 60.Ne7+ Ke4 61.Re6+ Kd3 62.Nd5 Rc5 63.Nxf4+ Bxf4 64.Kg6 Rg5+ 65.
Kf6 Rh5 66.Kg6 Rxh3 67.Kf5 Be3 68.Rd6+ Bd4 69.Kg4 Rh8 70.Re6 Rf8 71.Ra6 
Ke4 72.Ra4 Rg8+ 73.Kh3 Kd5 74.Ra5+ Ke4 75.Ra4 Ke5 76.Ra5+ Kf4 77.Ra4 Rh8+ 
1/2-1/2

[Event "18th Reykjavik op"]
[Site "Reykjavik ISL"]
[Date "1998.03.15"]
[Round "6.19"]
[White "Richardson, John"]
[Black "Baldursson, Hrannar"]
[Result "1-0"]
[WhiteElo "2315"]
[BlackElo "2180"]
[EventDate "1998.03.10"]
[PlyCount "55"]

1.d4 Nf6 2.c4 c5 3.d5 b5 4.cxb5 a6 5.bxa6 Bxa6 6.g3 g6 7.Bg2 d6 8.b3 Bg7 
9.Bb2 Nbd7 10.Nh3 O-O 11.O-O Nb6 12.a4 Rb8 13.Bc3 Qd7 14.e4 Bxf1 15.Qxf1 
Rfc8 16.Nf4 Qa7 17.Na3 Rb7 18.Nb5 Qa6 19.Qe1 c4 20.Bf1 Qa8 21.a5 Nbd7 22.
bxc4 Rxb5 23.cxb5 Rxc3 24.Qxc3 Nxe4 25.Qc6 Qd8 26.Rc1 Qxa5 27.Qxd7 Qd2 28.
Qc8+ 1-0

[Event "18th Reykjavik op"]
[Site "Reykjavik ISL"]
[Date "1998.03.15"]
[Round "6.20"]
[White "Olsen, Heini"]
[Black "Rasmussen, Rogvi"]
[Result "1-0"]
[WhiteElo "2270"]
[BlackElo "2115"]
[EventDate "1998.03.10"]
[PlyCount "47"]

1.d4 d5 2.c4 c6 3.Nf3 Nf6 4.Nc3 e6 5.e3 Nbd7 6.Qc2 Bd6 7.Bd3 O-O 8.O-O Re8
9.Bd2 Qe7 10.c5 Bc7 11.e4 dxe4 12.Nxe4 Nxe4 13.Bxe4 h6 14.Rfe1 Nf6 15.Bd3 
b6 16.b4 Bb7 17.a4 a5 18.Bc4 Rec8 19.Rab1 axb4 20.Bxb4 Qd7 21.cxb6 Bxb6 
22.Ne5 Qd8 23.Nxf7 Qxd4 24.Bxe6 1-0

[Event "18th Reykjavik op"]
[Site "Reykjavik ISL"]
[Date "1998.03.15"]
[Round "6.21"]
[White "Karason, Askell Oern"]
[Black "Bjornsson, Sigurbjorn"]
[Result "1-0"]
[WhiteElo "2260"]
[BlackElo "2210"]
[EventDate "1998.03.10"]
[PlyCount "81"]

1.c4 Nf6 2.Nc3 g6 3.d4 Bg7 4.Bg5 O-O 5.e3 d6 6.Nf3 Nbd7 7.Be2 c6 8.Qc2 Qc7
9.O-O e5 10.dxe5 dxe5 11.Nd2 Re8 12.Rfd1 a5 13.a3 h6 14.Bh4 Nf8 15.c5 Bf5 
16.Qb3 g5 17.Bg3 Ng6 18.Nc4 Be6 19.Qc2 h5 20.f3 h4 21.Bf2 Bxc4 22.Bxc4 e4 
23.Rd4 Qe5 24.Rad1 Kf8 25.Qb3 Re7 26.Rd8+ Rxd8 27.Rxd8+ Ne8 28.Nxe4 g4 {}
29.Rxe8+ $1 $18 Kxe8 ( 29...Rxe8 30.Bxf7 ) 30.Bxf7+ $1 Kf8 ( 30...Rxf7 31.
Nd6+ ) 31.Bxg6 gxf3 32.Bxh4 Re6 33.Bg3 Qd5 34.Qxd5 cxd5 35.Bd6+ Kg8 36.Bf5
Rh6 37.Nc3 Rf6 38.Nxd5 f2+ 39.Kxf2 Kf7 40.e4 Rh6 41.e5 1-0

[Event "18th Reykjavik op"]
[Site "Reykjavik ISL"]
[Date "1998.03.15"]
[Round "6.22"]
[White "Edvardsson, Kristjan"]
[Black "Kristjansson, Stefan"]
[Result "1/2-1/2"]
[WhiteElo "2205"]
[BlackElo "2255"]
[EventDate "1998.03.10"]
[PlyCount "49"]

1.d4 d5 2.c4 c6 3.Nf3 Bf5 4.Nc3 e6 5.e3 Nd7 6.a3 h6 7.b3 a6 8.Bd3 Bxd3 9.
Qxd3 f5 10.Bb2 Ngf6 11.Nd2 Bd6 12.f3 O-O 13.b4 Qe7 14.f4 Ne4 15.Ndxe4 fxe4
16.Qe2 Qh4+ 17.Kd2 Nb6 18.c5 Nc4+ 19.Kc2 Bc7 20.Rag1 b5 21.g3 Qh3 22.Bc1 
a5 23.Qf1 Qxf1 24.Rxf1 Rf7 25.h4 1/2-1/2

[Event "18th Reykjavik op"]
[Site "Reykjavik ISL"]
[Date "1998.03.15"]
[Round "6.23"]
[White "Kjartansson, David"]
[Black "Gunnarsson, Arinbjorn"]
[Result "0-1"]
[WhiteElo "2100"]
[BlackElo "2240"]
[EventDate "1998.03.10"]
[PlyCount "74"]

1.d4 f5 2.e4 fxe4 3.Nc3 Nf6 4.Bg5 Nc6 5.d5 Ne5 6.Qd4 Nf7 7.h4 e5 8.dxe6 
dxe6 9.Qxd8+ Nxd8 10.O-O-O Bd7 11.Bxf6 gxf6 12.Nxe4 Be7 13.Be2 Nf7 14.f4 
O-O-O 15.Bf3 e5 16.Ne2 Be6 17.N4c3 c6 18.fxe5 fxe5 19.a3 Nd6 20.Kb1 Nc4 
21.Ne4 Rxd1+ 22.Rxd1 Bxh4 23.Nd6+ Kc7 24.Nxc4 Bxc4 25.Nc3 Be7 26.Re1 Bf6 
27.Ne4 Bg7 28.b3 Be6 29.Ng5 Bd7 30.Be4 h6 31.Nf3 Bg4 32.Nh4 Rd8 33.Re3 Bf6
34.Ng6 Rd6 35.Rg3 h5 36.Bd3 e4 37.Be2 Bxe2 0-1

[Event "18th Reykjavik op"]
[Site "Reykjavik ISL"]
[Date "1998.03.15"]
[Round "6.24"]
[White "Bjornsson, Bjorn Freyr"]
[Black "Briem, Stefan"]
[Result "1-0"]
[WhiteElo "2240"]
[BlackElo "2185"]
[EventDate "1998.03.10"]
[PlyCount "76"]

1.e4 Nf6 2.e5 Nd5 3.d4 Nc6 4.c4 Nb6 5.c5 Nd5 6.Bc4 e6 7.Nf3 d6 8.cxd6 cxd6
9.O-O Nb6 10.Bb5 Bd7 11.Nc3 d5 12.Ng5 Be7 13.f4 g6 14.Be3 a6 15.Be2 h6 16.
Nh3 Na5 17.g4 Nac4 18.Bc1 Bb4 19.Qe1 Rc8 20.f5 g5 21.fxe6 Bxe6 22.Qg3 Bxc3
23.bxc3 Nd7 24.Nf2 b5 25.Bd3 Qa5 26.Bf5 Ncb6 27.Nd1 Na4 28.Bd2 Qc7 29.Qf3 
Qc6 30.Re1 Ndb6 31.Ne3 Nc4 32.Nxc4 bxc4 33.Rab1 Rg8 34.h3 Nb6 35.Bc1 Rc7 
36.Ba3 Rg7 37.Bxe6 fxe6 38.Qf6 Rcf7 1-0

[Event "18th Reykjavik op"]
[Site "Reykjavik ISL"]
[Date "1998.03.15"]
[Round "6.25"]
[White "Bjornsson, Tomas"]
[Black "Leosson, Torfi"]
[Result "1-0"]
[WhiteElo "2235"]
[BlackElo "2160"]
[EventDate "1998.03.10"]
[PlyCount "120"]

1.e4 d6 2.d4 Nf6 3.Nc3 g6 4.f4 Bg7 5.Nf3 c5 6.dxc5 Qa5 7.Bd3 Qxc5 8.Qe2 
Bg4 ( 8...Nc6 9.Be3 Qa5 10.O-O Bg4 ) 9.Be3 Qa5 10.O-O O-O 11.h3 ( 11.a3 
Nc6 12.Kh1 Nd7 13.Qd2 Bxc3 14.bxc3 Nc5 $13 ) 11...Bxf3 12.Qxf3 Nc6 13.a3 
Nd7 $10 14.Bd2 Qb6+ 15.Kh1 Nc5 16.Rab1 Nxd3 17.Qxd3 ( 17.cxd3 e6 18.Rfc1 
Rac8 ) 17...Rac8 18.Nd5 Qd4 ( 18...Qd8 19.f5 e6 20.f6 $2 ( 20.Nf4 Qe7 $10 
) 20...Bh8 ) 19.Qe2 f5 $1 ( 19...e6 $2 20.Bc3 ) 20.Nc3 {iie3,ef5!?} 20...
Qc5 21.exf5 ( 21.Be3 Qa5 22.b4 Qd8 ) ( 21.b4 Qb6 ( 21...Qd4 22.exf5 gxf5 
23.Nb5 Qf6 24.Bc3 Qf7 $13 ) 22.exf5 gxf5 23.Nd5 Qd8 24.Qe6+ Rf7 $14 ) 
21...Qxf5 22.Rbc1 Bf6 23.Qf3 $15 b6 24.Ne4 Nd4 ( 24...Bxb2 25.Qb3+ Rf7 26.
Rce1 ( 26.Ng3 Qf6 27.Rce1 Nd4 ( 27...Bd4 28.Ne4 Qg7 29.Ng5 ) 28.Qxb2 Rxc2 
29.Qb1 Rxd2 30.Ne4 ) 26...Bf6 $13 ) 25.Qd3 Bg7 26.Bc3 d5 ( 26...Ne6 27.g4 
Qf7 28.f5 $36 ) 27.Bxd4 Qxe4 ( 27...dxe4 28.Qb3+ Qf7 29.Qe3 e5 30.fxe5 
Qxf1+ 31.Rxf1 Rxf1+ 32.Kh2 Rxc2 33.Qxe4 $13 ) 28.Qxe4 dxe4 29.Bxg7 Kxg7 
30.c3 Rcd8 $10 31.Rce1 e5 $2 ( 31...Rd2 32.Rxe4 Rxb2 33.Rxe7+ Rf7 $10 ) 
32.Rxe4 Rxf4 33.Rfxf4 exf4 34.Rxf4 ( 34.Re7+ Kh6 35.Rxa7 Rd1+ 36.Kh2 Rd2 {
ii b2,f3} ) 34...Rd2 35.Rb4 Kf6 36.a4 Ke6 37.Kh2 ( 37.a5 bxa5 38.Rb7 h5 
39.Rxa7 Rxb2 40.Rxa5 Rc2 41.Rc5 h4 42.Kg1 Kf6 43.Kf1 g5 $14 ) 37...Kd5 38.
Kg3 ( 38.a5 bxa5 39.Rb7 h5 40.Rxa7 Rxb2 41.Rxa5+ Ke6 42.Kg3 Rc2 43.Rc5 $16
) 38...g5 $2 ( 38...Kc6 $16 ) 39.Rb5+ $1 ( 39.a5 bxa5 40.Rb5+ Ke6 41.Rxa5 
Rxb2 42.Rxa7 h5 43.Rc7 $16 ) 39...Kc4 40.Rxg5 Rxb2 41.Rg7 a5 42.Rxh7 Kb3 (
42...Kxc3 43.Rf7 Rb4 44.Rf6 ( 44.Rf3+ Kc2 45.h4 Rxa4 46.h5 Rc4 47.h6 $2 ( 
47.Rf4 Rc8 48.Rh4 Rh8 $13 ) 47...Rc6 48.h7 Rh6 49.Rf7 a4 $10 ) 44...Kb3 
45.h4 Kxa4 46.h5 b5 47.h6 $18 ) 43.Rg7 Kxa4 44.h4 Rb3 45.h5 Rxc3+ 46.Kh4 
b5 47.g4 b4 48.h6 Rc1 49.g5 $1 ( 49.h7 b3 50.Rb7 Ka3 51.Kg5 $4 Rh1 52.Kg6 
b2 53.Kg7 Ka2 54.h8=Q Rxh8 55.Kxh8 b1=Q 56.Rxb1 Kxb1 57.g5 a4 58.g6 a3 59.
g7 a2 60.g8=Q a1=Q+ $10 ) 49...Rh1+ 50.Kg4 b3 51.h7 ( 51.Rb7 $1 Ka3 52.h7 
b2 53.g6 ) 51...b2 52.g6 Ka3 53.Rb7 $18 {ig7} 53...Rg1+ 54.Kf5 Rf1+ 55.Ke6
Re1+ 56.Kd6 Rd1+ 57.Ke6 Re1+ 58.Kf6 Rf1+ 59.Kg5 Rg1+ 60.Kf6 Rf1+ ( 60...
Rf1+ 61.Kg7 Rh1 62.h8=Q $18 ) 1-0

[Event "18th Reykjavik op"]
[Site "Reykjavik ISL"]
[Date "1998.03.15"]
[Round "6.26"]
[White "Steindorsson, Sigurdur Pall"]
[Black "Fridjonsson, Julius"]
[Result "0-1"]
[WhiteElo "2027"]
[BlackElo "2215"]
[EventDate "1998.03.10"]
[PlyCount "96"]

1.c4 Nf6 2.Nc3 c6 3.e4 d5 4.e5 Ne4 5.cxd5 cxd5 6.Nxe4 dxe4 7.Qa4+ Nc6 8.
Qxe4 Qd4 9.Qxd4 Nxd4 10.Kd1 Bf5 11.d3 e6 12.Be3 O-O-O 13.Bxd4 Rxd4 14.Rc1+
Kb8 15.Nf3 Rd5 16.d4 Bg4 17.Be2 Be7 18.h3 Bxf3 19.Bxf3 Rxd4+ 20.Ke2 Rhd8 
21.Rcd1 Rxd1 22.Rxd1 Rxd1 23.Kxd1 Bc5 24.Be4 g6 25.f3 Bd4 26.b3 Bxe5 27.
Kc2 Kc7 28.a4 b6 29.b4 Kd6 30.Kb3 Bg3 31.Kc4 Ke5 32.Bc6 Be1 33.b5 Kf4 34.
Kd3 Bb4 35.Ke2 g5 36.Be8 f6 37.Bf7 e5 38.Bg8 h5 39.g4 e4 40.fxe4 hxg4 41.
hxg4 Kxg4 42.Kf2 Kh3 43.Bc4 Bc5+ 44.Ke2 g4 45.e5 fxe5 46.Bd5 Kg3 47.Kf1 
Kf4 48.Kg2 Be7 0-1